[Event "DVM U20 2020"]
[Site "Willingen GER"]
[Date "2021.06.26"]
[Round "6"]
[White "Suvorov, Alexander"]
[Black "Wübker, Paul-Luca"]
[Result "1-0"]
[Termination "normal"]
[Board "1.1"]
[WhiteTitle "FM"]
[WhiteElo "2353"]
[BlackElo "2134"]
[WhiteClock "00:30:10"]
[BlackClock "01:18:23"]
[WhiteTeam "Schachgemeinschaft Porz e. V."]
[BlackTeam "Schachgesellschaft Bochum 1931"]
[PlyCount "87"]
[WhiteFideId "12977063"]
[BlackFideId "12939528"]
[EventCountry "GER"]
[EventRounds "7"]
[EventType "team-swiss"]
[EventDate "2021.06.23"]

1. c4 {[%clk 01:30:57]} {[%emt 00:00:02]} Nf6 {[%clk 01:30:17]} {[%emt
00:00:43]} 2. Nf3 {[%clk 01:29:44]} {[%emt 00:01:43]} e6 {[%clk 01:28:40]}
{[%emt 00:02:08]} 3. b3 {[%clk 01:27:06]} {[%emt 00:03:08]} g6 {[%clk
01:25:04]} {[%emt 00:04:07]} 4. Bb2 {[%clk 01:25:03]} {[%emt 00:02:32]} Bg7
{[%clk 01:25:27]} {[%emt 00:00:07]} 5. g3 {[%clk 01:23:05]} {[%emt 00:02:28]}
O-O {[%clk 01:25:47]} {[%emt 00:00:10]} 6. Bg2 {[%clk 01:23:24]} {[%emt
00:00:12]} d6 {[%clk 01:25:48]} {[%emt 00:00:28]} 7. d4 {[%clk 01:21:43]}
{[%emt 00:02:10]} Ne4 {[%clk 01:24:43]} {[%emt 00:01:35]} 8. Nbd2 {[%clk
01:15:11]} {[%emt 00:07:02]} Nxd2 {[%clk 01:25:04]} {[%emt 00:00:10]} 9. Qxd2
{[%clk 01:14:09]} {[%emt 00:01:32]} Nc6 {[%clk 01:25:10]} {[%emt 00:00:23]} 10.
d5 {[%clk 01:09:37]} {[%emt 00:05:03]} Nb8 {[%clk 01:24:53]} {[%emt 00:00:47]}
11. Bxg7 {[%clk 01:02:11]} {[%emt 00:07:56]} Kxg7 {[%clk 01:25:16]} {[%emt
00:00:07]} 12. dxe6 {[%clk 01:01:54]} {[%emt 00:00:46]} fxe6 {[%clk 01:25:04]}
{[%emt 00:00:43]} 13. h4 {[%clk 01:01:15]} {[%emt 00:01:10]} Qf6 {[%clk
01:23:56]} {[%emt 00:01:37]} 14. Rc1 {[%clk 01:00:17]} {[%emt 00:01:27]} h6
{[%clk 01:23:30]} {[%emt 00:00:57]} 15. O-O {[%clk 01:00:01]} {[%emt 00:00:46]}
Rd8 {[%clk 01:13:52]} {[%emt 00:10:08]} 16. Nd4 {[%clk 00:54:45]} {[%emt
00:05:45]} a6 {[%clk 01:13:25]} {[%emt 00:00:56]} 17. f4 {[%clk 00:48:39]}
{[%emt 00:06:38]} Qe7 {[%clk 01:05:27]} {[%emt 00:08:28]} 18. e4 {[%clk
00:27:29]} {[%emt 00:21:40]} e5 {[%clk 01:03:38]} {[%emt 00:02:19]} 19. f5
{[%clk 00:20:42]} {[%emt 00:07:16]} Qe8 {[%clk 01:02:12]} {[%emt 00:01:56]} 20.
Nc2 {[%clk 00:16:34]} {[%emt 00:04:38]} Nc6 {[%clk 01:00:41]} {[%emt 00:02:01]}
21. g4 {[%clk 00:15:52]} {[%emt 00:01:13]} Rd7 {[%clk 00:55:52]} {[%emt
00:05:19]} 22. g5 {[%clk 00:14:15]} {[%emt 00:02:07]} h5 {[%clk 00:56:02]}
{[%emt 00:00:20]} 23. Qe2 {[%clk 00:10:14]} {[%emt 00:04:31]} Rf7 {[%clk
00:53:09]} {[%emt 00:03:23]} 24. fxg6 {[%clk 00:09:48]} {[%emt 00:00:57]} Rxf1+
{[%clk 00:52:42]} {[%emt 00:00:56]} 25. Rxf1 {[%clk 00:09:44]} {[%emt
00:00:33]} Be6 {[%clk 00:52:53]} {[%emt 00:00:19]} 26. Qxh5 {[%clk 00:08:06]}
{[%emt 00:02:09]} Qh8 {[%clk 00:53:13]} {[%emt 00:00:10]} 27. Qf3 {[%clk
00:07:06]} {[%emt 00:01:30]} Rf8 {[%clk 00:53:37]} {[%emt 00:00:06]} 28. Qxf8+
{[%clk 00:07:05]} {[%emt 00:00:32]} Qxf8 {[%clk 00:54:01]} {[%emt 00:00:05]}
29. Rxf8 {[%clk 00:07:33]} {[%emt 00:00:02]} Kxf8 {[%clk 00:54:22]} {[%emt
00:00:08]} 30. Bf3 {[%clk 00:04:27]} {[%emt 00:03:37]} b5 {[%clk 00:52:52]}
{[%emt 00:02:00]} 31. cxb5 {[%clk 00:04:00]} {[%emt 00:00:57]} axb5 {[%clk
00:53:15]} {[%emt 00:00:07]} 32. Be2 {[%clk 00:04:06]} {[%emt 00:00:24]} b4
{[%clk 00:53:06]} {[%emt 00:00:39]} 33. Kf2 {[%clk 00:03:58]} {[%emt 00:00:37]}
Kg7 {[%clk 00:53:23]} {[%emt 00:00:14]} 34. h5 {[%clk 00:03:58]} {[%emt
00:00:31]} Nd4 {[%clk 00:53:45]} {[%emt 00:00:07]} 35. Nxb4 {[%clk 00:03:07]}
{[%emt 00:01:22]} Nxe2 {[%clk 00:52:15]} {[%emt 00:01:59]} 36. h6+ {[%clk
00:02:35]} {[%emt 00:01:02]} Kxg6 {[%clk 00:52:38]} {[%emt 00:00:06]} 37. Kxe2
{[%clk 00:03:02]} {[%emt 00:00:03]} Bg8 {[%clk 00:53:00]} {[%emt 00:00:09]} 38.
Nd5 {[%clk 00:02:43]} {[%emt 00:00:49]} Kxg5 {[%clk 00:53:19]} {[%emt
00:00:11]} 39. Nxc7 {[%clk 00:02:40]} {[%emt 00:00:33]} Kxh6 {[%clk 00:53:17]}
{[%emt 00:00:33]} 40. Ne8 {[%clk 00:02:35]} {[%emt 00:00:33]} Kg5 {[%clk
00:50:18]} {[%emt 00:03:30]} 41. Nxd6 {[%clk 00:02:38]} {[%emt 00:00:27]} Kf4
{[%clk 00:50:42]} {[%emt 00:00:05]} 42. Kd3 {[%clk 00:02:42]} {[%emt 00:00:27]}
Be6 {[%clk 00:51:04]} {[%emt 00:00:08]} 43. Kc3 {[%clk 00:30:03]} {[%emt
00:03:08]} Ke3 {[%clk 01:18:23]} {[%emt 00:03:12]} 44. a4 {[%clk 00:30:10]}
{[%emt 00:00:23]} 1-0

[Event "DVM U20 2020"]
[Site "Willingen GER"]
[Date "2021.06.26"]
[Round "6"]
[White "Biermann, Florian"]
[Black "Suvorov, Luca"]
[Result "1/2-1/2"]
[Termination "normal"]
[Board "1.2"]
[BlackTitle "FM"]
[WhiteElo "2104"]
[BlackElo "2279"]
[WhiteClock "00:14:35"]
[BlackClock "00:10:50"]
[WhiteTeam "Schachgesellschaft Bochum 1931"]
[BlackTeam "Schachgemeinschaft Porz e. V."]
[PlyCount "45"]
[WhiteFideId "12970069"]
[BlackFideId "12977071"]
[EventCountry "GER"]
[EventRounds "7"]
[EventType "team-swiss"]
[EventDate "2021.06.23"]

1. Nf3 {[%clk 01:30:55]} {[%emt 00:00:03]} Nf6 {[%clk 01:30:49]} {[%emt
00:00:12]} 2. g3 {[%clk 01:30:39]} {[%emt 00:00:46]} e6 {[%clk 01:30:01]}
{[%emt 00:01:18]} 3. Bg2 {[%clk 01:30:59]} {[%emt 00:00:11]} d5 {[%clk
01:30:22]} {[%emt 00:00:08]} 4. O-O {[%clk 01:30:49]} {[%emt 00:00:39]} c5
{[%clk 01:30:21]} {[%emt 00:00:31]} 5. d3 {[%clk 01:30:31]} {[%emt 00:00:49]}
Nc6 {[%clk 01:30:25]} {[%emt 00:00:25]} 6. Nbd2 {[%clk 01:30:49]} {[%emt
00:00:12]} Be7 {[%clk 01:30:01]} {[%emt 00:00:53]} 7. e4 {[%clk 01:29:03]}
{[%emt 00:02:17]} O-O {[%clk 01:30:01]} {[%emt 00:00:31]} 8. Re1 {[%clk
01:27:17]} {[%emt 00:02:15]} b5 {[%clk 01:29:09]} {[%emt 00:01:22]} 9. e5
{[%clk 01:26:50]} {[%emt 00:00:57]} Nd7 {[%clk 01:29:08]} {[%emt 00:00:31]} 10.
Nf1 {[%clk 01:26:41]} {[%emt 00:00:39]} a5 {[%clk 01:25:54]} {[%emt 00:03:45]}
11. h4 {[%clk 01:23:55]} {[%emt 00:03:15]} Ba6 {[%clk 01:19:41]} {[%emt
00:06:43]} 12. N1h2 {[%clk 01:22:02]} {[%emt 00:02:23]} Qc7 {[%clk 01:15:09]}
{[%emt 00:05:02]} 13. Bf4 {[%clk 01:20:55]} {[%emt 00:01:38]} Rfc8 {[%clk
01:15:13]} {[%emt 00:00:25]} 14. Ng4 {[%clk 01:07:34]} {[%emt 00:13:51]} Bf8
{[%clk 01:07:14]} {[%emt 00:08:29]} 15. Bh3 {[%clk 00:44:53]} {[%emt 00:23:10]}
b4 {[%clk 00:58:39]} {[%emt 00:09:06]} 16. Ng5 {[%clk 00:42:05]} {[%emt
00:03:19]} Nd8 {[%clk 00:34:31]} {[%emt 00:24:38]} 17. Nf6+ {[%clk 00:30:28]}
{[%emt 00:12:06]} gxf6 {[%clk 00:20:19]} {[%emt 00:14:42]} 18. exf6 {[%clk
00:27:55]} {[%emt 00:03:03]} Qc6 {[%clk 00:10:33]} {[%emt 00:10:17]} 19. Nxh7
{[%clk 00:26:58]} {[%emt 00:01:27]} Kxh7 {[%clk 00:10:33]} {[%emt 00:00:30]}
20. Qh5+ {[%clk 00:25:34]} {[%emt 00:01:53]} Kg8 {[%clk 00:11:01]} {[%emt
00:00:02]} 21. Qg5+ {[%clk 00:14:46]} {[%emt 00:11:18]} Kh7 {[%clk 00:10:35]}
{[%emt 00:00:56]} 22. Qh5+ {[%clk 00:14:35]} {[%emt 00:00:40]} Kg8 {[%clk
00:10:50]} {[%emt 00:00:15]} 23. Qg5+ {[%emt 00:00:31]} 1/2-1/2

[Event "DVM U20 2020"]
[Site "Willingen GER"]
[Date "2021.06.26"]
[Round "6"]
[White "Fieberg, Samuel"]
[Black "Biermann, Lenhard"]
[Result "0-1"]
[Termination "normal"]
[Board "1.3"]
[WhiteTitle "FM"]
[WhiteElo "2180"]
[BlackElo "2083"]
[WhiteClock "00:17:14"]
[BlackClock "00:04:04"]
[WhiteTeam "Schachgemeinschaft Porz e. V."]
[BlackTeam "Schachgesellschaft Bochum 1931"]
[PlyCount "62"]
[WhiteFideId "12901717"]
[BlackFideId "12970077"]
[EventCountry "GER"]
[EventRounds "7"]
[EventType "team-swiss"]
[EventDate "2021.06.23"]

1. e4 {[%clk 01:30:55]} {[%emt 00:00:03]} e6 {[%clk 01:30:58]} {[%emt
00:00:03]} 2. d4 {[%clk 01:31:20]} {[%emt 00:00:04]} d5 {[%clk 01:31:24]}
{[%emt 00:00:05]} 3. Nd2 {[%clk 01:31:46]} {[%emt 00:00:04]} h6 {[%clk
01:31:49]} {[%emt 00:00:05]} 4. Ngf3 {[%clk 01:32:09]} {[%emt 00:00:06]} Nf6
{[%clk 01:31:54]} {[%emt 00:00:26]} 5. e5 {[%clk 01:32:34]} {[%emt 00:00:05]}
Nfd7 {[%clk 01:32:20]} {[%emt 00:00:05]} 6. Bd3 {[%clk 01:32:58]} {[%emt
00:00:05]} c5 {[%clk 01:32:35]} {[%emt 00:00:15]} 7. c3 {[%clk 01:33:25]}
{[%emt 00:00:03]} Nc6 {[%clk 01:32:33]} {[%emt 00:00:33]} 8. O-O {[%clk
01:33:34]} {[%emt 00:00:20]} g5 {[%clk 01:32:25]} {[%emt 00:00:38]} 9. b3
{[%clk 01:33:58]} {[%emt 00:00:06]} Bg7 {[%clk 01:30:40]} {[%emt 00:02:15]} 10.
Bb2 {[%clk 01:34:19]} {[%emt 00:00:09]} O-O {[%clk 01:20:20]} {[%emt 00:10:50]}
11. Rc1 {[%clk 01:34:15]} {[%emt 00:00:34]} f5 {[%clk 01:10:06]} {[%emt
00:10:44]} 12. exf6 {[%clk 01:34:05]} {[%emt 00:00:39]} Qxf6 {[%clk 01:09:59]}
{[%emt 00:00:37]} 13. Bb1 {[%clk 01:31:24]} {[%emt 00:03:11]} e5 {[%clk
00:58:22]} {[%emt 00:12:08]} 14. dxc5 {[%clk 01:22:31]} {[%emt 00:09:23]} g4
{[%clk 00:40:37]} {[%emt 00:18:15]} 15. Ne1 {[%clk 01:22:42]} {[%emt 00:00:19]}
e4 {[%clk 00:35:07]} {[%emt 00:05:59]} 16. Qxg4 {[%clk 01:19:00]} {[%emt
00:04:13]} Nde5 {[%clk 00:31:59]} {[%emt 00:03:38]} 17. Qg3 {[%clk 01:17:21]}
{[%emt 00:02:08]} h5 {[%clk 00:26:08]} {[%emt 00:06:22]} 18. f4 {[%clk
00:40:59]} {[%emt 00:36:52]} Ng6 {[%clk 00:21:18]} {[%emt 00:05:20]} 19. Qe3
{[%clk 00:31:54]} {[%emt 00:09:34]} Nxf4 {[%clk 00:18:25]} {[%emt 00:03:24]}
20. g3 {[%clk 00:28:31]} {[%emt 00:03:53]} Nh3+ {[%clk 00:18:39]} {[%emt
00:00:16]} 21. Kg2 {[%clk 00:28:32]} {[%emt 00:00:29]} Qg6 {[%clk 00:17:00]}
{[%emt 00:02:09]} 22. Nc2 {[%clk 00:25:00]} {[%emt 00:04:02]} Be6 {[%clk
00:15:49]} {[%emt 00:01:41]} 23. Rxf8+ {[%clk 00:20:58]} {[%emt 00:04:32]} Rxf8
{[%clk 00:15:32]} {[%emt 00:00:47]} 24. Rf1 {[%clk 00:21:24]} {[%emt 00:00:04]}
Bh6 {[%clk 00:13:08]} {[%emt 00:02:53]} 25. Rxf8+ {[%clk 00:21:44]} {[%emt
00:00:11]} Kxf8 {[%clk 00:13:33]} {[%emt 00:00:06]} 26. Qe1 {[%clk 00:21:47]}
{[%emt 00:00:25]} Nf4+ {[%clk 00:12:51]} {[%emt 00:01:12]} 27. Kh1 {[%clk
00:20:26]} {[%emt 00:01:51]} Nd3 {[%clk 00:12:44]} {[%emt 00:00:38]} 28. Qf1+
{[%clk 00:18:20]} {[%emt 00:02:36]} Kg8 {[%clk 00:12:13]} {[%emt 00:01:00]} 29.
Bc1 {[%clk 00:18:00]} {[%emt 00:00:51]} Nxc1 {[%clk 00:08:57]} {[%emt
00:03:46]} 30. Qxc1 {[%clk 00:18:26]} {[%emt 00:00:04]} Qg5 {[%clk 00:09:04]}
{[%emt 00:00:23]} 31. Qd1 {[%clk 00:17:14]} {[%emt 00:01:42]} Bg4 {[%clk
00:04:04]} {[%emt 00:05:30]} 0-1

[Event "DVM U20 2020"]
[Site "Willingen GER"]
[Date "2021.06.26"]
[Round "6"]
[White "Prieb, Robert"]
[Black "Gallasch, Jonas"]
[Result "1/2-1/2"]
[Termination "normal"]
[Board "1.4"]
[WhiteTitle "CM"]
[WhiteElo "2040"]
[BlackElo "2112"]
[WhiteClock "00:00:41"]
[BlackClock "00:01:07"]
[WhiteTeam "Schachgesellschaft Bochum 1931"]
[BlackTeam "Schachgemeinschaft Porz e. V."]
[PlyCount "172"]
[WhiteFideId "16212002"]
[BlackFideId "16222474"]
[EventCountry "GER"]
[EventRounds "7"]
[EventType "team-swiss"]
[EventDate "2021.06.23"]

1. d4 {[%clk 01:30:56]} {[%emt 00:00:04]} Nf6 {[%clk 01:30:52]} {[%emt
00:00:08]} 2. c4 {[%clk 01:31:08]} {[%emt 00:00:18]} g6 {[%clk 01:31:15]}
{[%emt 00:00:07]} 3. Nc3 {[%clk 01:31:14]} {[%emt 00:00:24]} d5 {[%clk
01:31:37]} {[%emt 00:00:08]} 4. Nf3 {[%clk 01:31:06]} {[%emt 00:00:38]} Bg7
{[%clk 01:31:57]} {[%emt 00:00:10]} 5. Bg5 {[%clk 01:30:45]} {[%emt 00:00:51]}
Ne4 {[%clk 01:32:20]} {[%emt 00:00:08]} 6. cxd5 {[%clk 01:29:28]} {[%emt
00:01:46]} Nxg5 {[%clk 01:32:27]} {[%emt 00:00:23]} 7. Nxg5 {[%clk 01:29:51]}
{[%emt 00:00:07]} e6 {[%clk 01:32:50]} {[%emt 00:00:06]} 8. Nf3 {[%clk
01:29:55]} {[%emt 00:00:26]} exd5 {[%clk 01:33:11]} {[%emt 00:00:10]} 9. e3
{[%clk 01:30:03]} {[%emt 00:00:22]} O-O {[%clk 01:31:41]} {[%emt 00:02:00]} 10.
b4 {[%clk 01:29:09]} {[%emt 00:01:23]} c6 {[%clk 01:20:57]} {[%emt 00:11:14]}
11. Bd3 {[%clk 01:26:26]} {[%emt 00:03:14]} a5 {[%clk 01:15:35]} {[%emt
00:05:52]} 12. b5 {[%clk 01:17:43]} {[%emt 00:09:13]} c5 {[%clk 01:12:12]}
{[%emt 00:03:53]} 13. O-O {[%clk 01:11:36]} {[%emt 00:06:36]} Be6 {[%clk
01:01:48]} {[%emt 00:10:54]} 14. a4 {[%clk 01:04:37]} {[%emt 00:07:28]} f5
{[%clk 00:49:59]} {[%emt 00:12:21]} 15. Ne2 {[%clk 00:52:45]} {[%emt 00:12:22]}
c4 {[%clk 00:43:47]} {[%emt 00:06:42]} 16. Bc2 {[%clk 00:50:31]} {[%emt
00:02:44]} Nd7 {[%clk 00:42:33]} {[%emt 00:01:44]} 17. Nd2 {[%clk 00:38:29]}
{[%emt 00:12:31]} Qb6 {[%clk 00:38:34]} {[%emt 00:04:29]} 18. Nb1 {[%clk
00:30:39]} {[%emt 00:08:21]} Rfe8 {[%clk 00:27:10]} {[%emt 00:11:53]} 19. Nbc3
{[%clk 00:29:01]} {[%emt 00:02:07]} Nf6 {[%clk 00:26:40]} {[%emt 00:01:01]} 20.
Nf4 {[%clk 00:27:10]} {[%emt 00:02:22]} Bf7 {[%clk 00:26:24]} {[%emt 00:00:46]}
21. Re1 {[%clk 00:23:52]} {[%emt 00:03:47]} Rad8 {[%clk 00:21:07]} {[%emt
00:05:47]} 22. Qd2 {[%clk 00:20:58]} {[%emt 00:03:24]} Bf8 {[%clk 00:20:18]}
{[%emt 00:01:19]} 23. Na2 {[%clk 00:18:14]} {[%emt 00:03:15]} Bd6 {[%clk
00:19:52]} {[%emt 00:00:56]} 24. g3 {[%clk 00:15:29]} {[%emt 00:03:16]} Ne4
{[%clk 00:14:47]} {[%emt 00:05:34]} 25. Qe2 {[%clk 00:13:12]} {[%emt 00:02:47]}
Bf8 {[%clk 00:11:32]} {[%emt 00:03:44]} 26. Rad1 {[%clk 00:11:37]} {[%emt
00:02:06]} Nf6 {[%clk 00:11:01]} {[%emt 00:01:01]} 27. Qd2 {[%clk 00:10:01]}
{[%emt 00:02:06]} h6 {[%clk 00:07:41]} {[%emt 00:03:49]} 28. Ng2 {[%clk
00:07:56]} {[%emt 00:02:35]} Ne4 {[%clk 00:07:01]} {[%emt 00:01:10]} 29. Bxe4
{[%clk 00:06:08]} {[%emt 00:02:19]} fxe4 {[%clk 00:07:25]} {[%emt 00:00:06]}
30. Rf1 {[%clk 00:05:44]} {[%emt 00:00:54]} Be6 {[%clk 00:03:43]} {[%emt
00:04:11]} 31. Rb1 {[%clk 00:04:30]} {[%emt 00:01:44]} Bg4 {[%clk 00:03:29]}
{[%emt 00:00:43]} 32. Ne1 {[%clk 00:03:10]} {[%emt 00:01:52]} Bh3 {[%clk
00:01:02]} {[%emt 00:02:56]} 33. Ng2 {[%clk 00:03:20]} {[%emt 00:00:20]} Bg4
{[%clk 00:00:40]} {[%emt 00:00:53]} 34. Ne1 {[%clk 00:03:16]} {[%emt 00:00:33]}
h5 {[%clk 00:01:03]} {[%emt 00:00:07]} 35. f4 {[%clk 00:01:33]} {[%emt
00:02:14]} exf3 {[%clk 00:01:17]} {[%emt 00:00:16]} 36. Nxf3 {[%clk 00:01:57]}
{[%emt 00:00:07]} Bh6 {[%clk 00:01:39]} {[%emt 00:00:07]} 37. Rbe1 {[%clk
00:01:57]} {[%emt 00:00:30]} Re7 {[%clk 00:00:40]} {[%emt 00:01:28]} 38. Ne5
{[%clk 00:01:46]} {[%emt 00:00:41]} Bf5 {[%clk 00:00:56]} {[%emt 00:00:14]} 39.
Nc3 {[%clk 00:01:31]} {[%emt 00:00:46]} Qd6 {[%clk 00:00:50]} {[%emt 00:00:36]}
40. Qg2 {[%clk 00:00:49]} {[%emt 00:01:12]} Rxe5 {[%clk 00:00:33]} {[%emt
00:00:47]} 41. dxe5 {[%clk 00:01:02]} {[%emt 00:00:16]} Qxe5 {[%clk 00:30:25]}
{[%emt 00:00:39]} 42. e4 {[%clk 00:24:03]} {[%emt 00:07:29]} Qd4+ {[%clk
00:22:41]} {[%emt 00:08:14]} 43. Kh1 {[%clk 00:23:38]} {[%emt 00:00:54]} dxe4
{[%clk 00:22:12]} {[%emt 00:01:00]} 44. Nxe4 {[%clk 00:23:54]} {[%emt
00:00:14]} c3 {[%clk 00:21:01]} {[%emt 00:01:41]} 45. Qc2 {[%clk 00:16:31]}
{[%emt 00:07:52]} Be3 {[%clk 00:08:44]} {[%emt 00:12:47]} 46. Rxe3 {[%clk
00:09:09]} {[%emt 00:07:53]} Qxe3 {[%clk 00:09:01]} {[%emt 00:00:13]} 47. Qb3+
{[%clk 00:09:33]} {[%emt 00:00:06]} Kg7 {[%clk 00:06:55]} {[%emt 00:02:35]} 48.
Qxc3+ {[%clk 00:09:26]} {[%emt 00:00:38]} Qxc3 {[%clk 00:07:19]} {[%emt
00:00:06]} 49. Nxc3 {[%clk 00:09:51]} {[%emt 00:00:04]} Rd2 {[%clk 00:06:24]}
{[%emt 00:01:25]} 50. Re1 {[%clk 00:06:20]} {[%emt 00:04:02]} Bg4 {[%clk
00:04:04]} {[%emt 00:02:50]} 51. Re3 {[%clk 00:04:37]} {[%emt 00:02:13]} Bh3
{[%emt 00:04:16]} 52. Re2 {[%clk 00:02:33]} {[%emt 00:00:06]} Rd3 {[%clk
00:02:47]} {[%emt 00:00:26]} 53. Rc2 {[%clk 00:02:56]} {[%emt 00:00:09]} Bf5
{[%clk 00:03:03]} {[%emt 00:00:14]} 54. Rc1 {[%clk 00:03:08]} {[%emt 00:00:18]}
Kf6 {[%clk 00:02:00]} {[%emt 00:01:33]} 55. Kg1 {[%clk 00:02:38]} {[%emt
00:01:00]} Rd4 {[%clk 00:01:28]} {[%emt 00:01:01]} 56. Rd1 {[%clk 00:01:42]}
{[%emt 00:01:27]} Rxd1+ {[%clk 00:01:26]} {[%emt 00:00:32]} 57. Nxd1 {[%clk
00:02:10]} {[%emt 00:00:02]} Bc2 {[%clk 00:01:50]} {[%emt 00:00:06]} 58. Nb2
{[%clk 00:02:16]} {[%emt 00:00:24]} Bb3 {[%clk 00:01:46]} {[%emt 00:00:32]} 59.
Kf2 {[%clk 00:02:28]} {[%emt 00:00:20]} Ke5 {[%clk 00:01:50]} {[%emt 00:00:24]}
60. Ke3 {[%clk 00:02:49]} {[%emt 00:00:11]} Bf7 {[%clk 00:01:02]} {[%emt
00:01:18]} 61. Nd1 {[%clk 00:02:20]} {[%emt 00:00:59]} g5 {[%clk 00:00:42]}
{[%emt 00:00:50]} 62. Nb2 {[%clk 00:01:31]} {[%emt 00:01:19]} Kd5 {[%clk
00:00:38]} {[%emt 00:00:33]} 63. Kd3 {[%clk 00:01:31]} {[%emt 00:00:31]} Kc5
{[%clk 00:00:47]} {[%emt 00:00:20]} 64. Kc3 {[%clk 00:01:54]} {[%emt 00:00:08]}
Bg6 {[%clk 00:00:53]} {[%emt 00:00:24]} 65. Nc4 {[%clk 00:01:36]} {[%emt
00:00:48]} b6 {[%clk 00:01:16]} {[%emt 00:00:07]} 66. Ne5 {[%clk 00:01:29]}
{[%emt 00:00:36]} Bf5 {[%clk 00:01:36]} {[%emt 00:00:10]} 67. Nf7 {[%clk
00:00:54]} {[%emt 00:01:06]} Bg4 {[%clk 00:01:03]} {[%emt 00:01:03]} 68. Ne5
{[%clk 00:01:02]} {[%emt 00:00:22]} Be6 {[%clk 00:00:42]} {[%emt 00:00:51]} 69.
Nf3 {[%clk 00:00:57]} {[%emt 00:00:36]} g4 {[%clk 00:00:47]} {[%emt 00:00:24]}
70. Nd2 {[%clk 00:01:02]} {[%emt 00:00:25]} Bd5 {[%clk 00:00:56]} {[%emt
00:00:20]} 71. Nf1 {[%clk 00:01:02]} {[%emt 00:00:31]} Bf3 {[%clk 00:00:59]}
{[%emt 00:00:28]} 72. Ne3 {[%clk 00:01:05]} {[%emt 00:00:27]} Be2 {[%clk
00:00:58]} {[%emt 00:00:29]} 73. Kd2 {[%clk 00:00:48]} {[%emt 00:00:48]} Bxb5
{[%clk 00:00:40]} {[%emt 00:00:48]} 74. axb5 {[%clk 00:01:12]} {[%emt
00:00:06]} Kxb5 {[%clk 00:01:07]} {[%emt 00:00:03]} 75. Kc3 {[%clk 00:01:06]}
{[%emt 00:00:36]} Kc5 {[%clk 00:01:32]} {[%emt 00:00:05]} 76. Ng2 {[%clk
00:00:58]} {[%emt 00:00:38]} b5 {[%clk 00:01:19]} {[%emt 00:00:43]} 77. Nf4
{[%clk 00:01:02]} {[%emt 00:00:26]} b4+ {[%clk 00:01:38]} {[%emt 00:00:11]} 78.
Kb3 {[%clk 00:01:25]} {[%emt 00:00:06]} Kb5 {[%clk 00:02:03]} {[%emt 00:00:06]}
79. Nxh5 {[%clk 00:01:24]} {[%emt 00:00:31]} a4+ {[%clk 00:02:30]} {[%emt
00:00:03]} 80. Kb2 {[%clk 00:01:42]} {[%emt 00:00:12]} Kc4 {[%clk 00:02:53]}
{[%emt 00:00:07]} 81. Nf4 {[%clk 00:01:45]} {[%emt 00:00:27]} a3+ {[%clk
00:01:06]} {[%emt 00:02:17]} 82. Ka2 {[%clk 00:01:53]} {[%emt 00:00:22]} Kc3
{[%clk 00:00:57]} {[%emt 00:00:39]} 83. Nd5+ {[%clk 00:02:00]} {[%emt
00:00:23]} Kc4 {[%clk 00:01:16]} {[%emt 00:00:11]} 84. Ne3+ {[%clk 00:01:00]}
{[%emt 00:01:30]} Kc3 {[%clk 00:01:39]} {[%emt 00:00:07]} 85. Nd5+ {[%clk
00:00:56]} {[%emt 00:00:33]} Kc4 {[%clk 00:01:05]} {[%emt 00:01:05]} 86. Ne3+
{[%clk 00:00:41]} {[%emt 00:00:46]} Kc3 {[%clk 00:01:07]} {[%emt 00:00:27]}
1/2-1/2